| 000 | 00331nam a22001097a 4500 | ||
|---|---|---|---|
| 008 | 230606b xxu||||| |||| 00| 0 eng d | ||
| 082 |
_a342.02 _bNAK |
||
| 110 | _bNational Assembly of Pakistan | ||
| 245 |
_aThe Constitution of the Islamic Republic of Pakistan _bAs modified upto the 7th january 2015 |
||
| 300 | _a216p | ||
| 942 |
_2ddc _cBK |
||
| 999 |
_c495 _d495 |
||